|
|
|
|
| LEADER |
00000nam a22000007a 4500 |
| 005 |
20200109222618.0 |
| 007 |
cr|||| |||| |
| 008 |
200109s2019 co |||||s|||| 00||0 spa d |
| 020 |
|
|
|a 978-958-784-257-9
|
| 035 |
|
|
|a 30930
|
| 040 |
|
|
|a vLex
|
| 090 |
|
|
|c 10101
|d 10101
|
| 100 |
1 |
|
|a Cardozo Uzct̀egui, Alejandro
|
| 245 |
1 |
0 |
|a Guerra fra̕, polt̕ica, petrl̤eo y lucha armada
|h [Recurso electrn̤ico] :
|b Venezuela en un mundo bipolar /
|c Alejandro Cardozo Uzct̀egui, Luis Ricardo Dv̀ila, Edgardo Mondolfi Gudat
|
| 256 |
|
|
|a Servicio en ln̕ea
|
| 260 |
|
|
|a Bogot:̀
|b Editorial Universidad de Rosario (Colombia),
|c 2019
|
| 300 |
|
|
|a 1 recurso electrn̤ico
|
| 500 |
|
|
|a La segunda mitad del siglo XX vio la aparicin̤ de dos bloques de poder de dos tendencias hegemn̤icas visibles a escala mundial: el capitalismo representado por los Estados Unidos y el socialismo comunista representado por la Unin̤ de Repb︢licas Socialistas Soviťicas (URSS). Este pero̕do histr̤ico corresponde a lo que se ha denominado la Guerra Fra̕. Pero̕do de rivalidad profunda entre estas dos tendencias hegemn̤icas, entre estas dos visiones opuestas del mundo. Este libro disemina, analiza y responde en cada uno de sus capt̕ulos la experiencia vivida por Venezuela en el contexto de la Guerra Fra̕ y en su proceso de construccin̤ democrt̀ica. De manera transdisciplinaria, los diferentes textos apoyan sus argumentos y conclusiones sobre los ms̀ recientes eventos de la historia polt̕ica y diplomt̀ica de la regin̤, haciendo uso de un nuevo caudal de informacin̤ dado por la apertura de archivos, enfoques recientes de las ciencias sociales y el estudio del funcionamiento del sistema internacional. As ̕se develan las grandes ln̕eas de construccin̤ del tablero de la polt̕ica criolla y, en general, del mundo contemporǹeo. Cada capt̕ulo ofrece, a una nueva generacin̤ de lectores, asuntos relevantes que se solapan en el tiempo y se mueven en el espacio de la polt̕ica venezolana y latinoamericana en general. Palabras clave: Polt̕ica internacional, Venezuela, lucha armada, capitalismo euro-norteamericano, socialismo- comunismo soviťico, polt̕ica petrolera, Pax americana, izquierda cultural, siglo XX.
|
| 506 |
1 |
|
|a Disponible solo en los productos indicados
|d vLex Global
|d vLex Global (Academic Edition, excluding Law Schools)
|d vLex Global (U.S. Academic Edition, Law Schools)
|d vLex Global (U.S. Academic Edition, excluding Law Schools)
|d vLex Global (Academic Edition, Law Schools)
|
| 650 |
0 |
4 |
|a Derecho Constitucional
|z Colombia
|
| 650 |
0 |
4 |
|a Derecho Internacional
|z Colombia
|
| 700 |
1 |
|
|a Dv̀ila, Luis Ricardo
|
| 700 |
1 |
|
|a Mondolfi Gudat, Edgardo
|
| 740 |
0 |
|
|a vLex Libros (Servicio en ln̕ea)
|
| 856 |
4 |
0 |
|u http://vlex.com/source/guerra-fria-politica-petroleo-y-lucha-armada-venezuela-en-un-mundo-bipolar-30930
|z Acceso restringido
|
| 942 |
|
|
|c BOOK
|
| 999 |
0 |
|
|a Constitutional Law
|
| 999 |
0 |
|
|a International Law
|